| 000 | 00666nam a2200241 a 4500 | ||
|---|---|---|---|
| 001 | BRCA_5807 | ||
| 005 | 20190320205224.0 | ||
| 008 | 100311s194u----fr-a######---#000-0#fre-# | ||
| 041 | _afre | ||
| 044 | _afr | ||
| 050 | 4 |
_aND661 _b.F54 2 1940 |
|
| 100 | 1 |
_aFierens, Paul _d1895- _914715 |
|
| 245 | 1 | 0 |
_aPeinture flamande _cFierens Paul. |
| 260 |
_aParís _bBraun _c[1940] |
||
| 300 |
_a1 v. (sin paginación) _bil., 60 láminas _c16 cm. |
||
| 440 | 0 |
_aCollection ´Les Maitres´ _914716 |
|
| 500 | _aVer también G16 (v.1) | ||
| 500 | _aG17 | ||
| 505 | 0 | _aContenido: v.2. De 1550 a 1800 | |
| 650 | 1 | 4 |
_aPintura flamenca _914717 |
| 902 | _aGFM | ||
| 942 |
_2lcc _cB |
||
| 999 |
_c5496 _d5496 |
||